000 01082cab a2200433 4500
001 WB2819-59
008 090401t1992 xxu||||| |||| 00| 0 eng d
035 _a(Sirsi) u7421
041 _aeng
245 _aCities survive real estate decline
260 _c1992
350 _a0
490 _aEuropean
_v14 May 1992, 42(1)
520 _aReviews Richard Ellis`s European Property Index and discusses its findings.
650 _aAUSTRIA
650 _aBARCELONA
650 _aBRUSSELS
650 _aEUROPE
650 _aFRANCE
650 _aFRANKFURT
650 _aGERMANY
650 _aGLASGOW
650 _aITALY
650 _aLISBON
650 _aMADRID
650 _aMANCHESTER
650 _aMILAN
650 _aPARIS
650 _aPORTUGAL
650 _aPROPERTY INDEXES
650 _aRICHARD ELLIS EUROPEAN PROPERTY INDEX
650 _aROME
650 _aSPAIN
650 _aVIENNA
690 _aPROPERTY-COMMERCIAL PROPERTY-COMMERCIAL PROPERTY FINANCE AND INVESTMENT
690 _aOVERSEAS-EUROPE
942 _n0
948 _c04/03/1997
999 _c4483
_d4483